| 000 | 06822cam a2200481 i 4500 | ||
|---|---|---|---|
| 999 |
_c112527 _d112527 |
||
| 001 | 18881815 | ||
| 003 | OSt | ||
| 005 | 20200906001004.0 | ||
| 008 | 151204s2016 nyu 000 0aeng | ||
| 010 | _a 2015039475 | ||
| 020 | _a9781101907290 (hardback) | ||
| 020 | _a9781101907313 (paperback) | ||
| 020 | _z9781101907306 (ebook) | ||
| 040 |
_aDLC _beng _cDLC _erda _dDLC |
||
| 042 | _apcc | ||
| 043 |
_an-us-mi _an-us--- |
||
| 050 | 0 | 0 |
_aHV9468.S46 _bS46 2016 |
| 082 | 0 | 0 |
_a365.6092 SEN _aB _223 |
| 084 |
_aSOC004000 _aSOC030000 _2bisacsh |
||
| 100 | 1 |
_aSenghor, Shaka, _eauthor. |
|
| 245 | 1 | 0 |
_aWriting my wrongs : _bLife, death, and redemption in an American prison / _cShaka Senghor. |
| 250 | _aFirst revised edition. | ||
| 264 | 1 |
_aNew York : _bConvergent Books, _c[2016] |
|
| 300 |
_axi, 268 pages ; _c25 cm |
||
| 336 |
_atext _2rdacontent |
||
| 337 |
_aunmediated _2rdamedia |
||
| 338 |
_avolume _2rdacarrier |
||
| 505 | _aDescription : Now in paperback, the critically acclaimed New York Times bestselling story of a man who went from being a convicted murderer to becoming a lecturer at the University of Michigan, a mentor and motivational speaker at conferences like TED and Aspen Ideas, a leading voice for criminal justice reform, and an inspiration to thousands. Shaka Senghor was raised in Detroit during the height of the 1980s crack epidemic. An honour roll student and a natural leader, he had dreams of becoming a doctor--but at age 11, his parents' marriage began to unravel and the beatings from his mother worsened, sending him on a downward spiral that saw him end up in prison for murder at the age of 19, fuming with anger and despair. Writing My Wrongs is the story of what came next. During his 19-year incarceration, 7 of which were spent in solitary confinement, Senghor discovered literature, meditation, and self-examination, tools that he used to confront the demons of his past, forgive the people who hurt him, and begin atoning for the wrongs he had committed. Upon his release at age 38, Senghor became an activist and mentor to young men and women facing circumstances like his. In equal parts, Writing My Wrongs is a page-turning portrait of life in the shadow of violence and fear; an unforgettable redemption story, reminding us that our worst deeds don't define us; and a compelling witness to our country's need for change in how it approaches crime, prison, and the men and women who are sent there. | ||
| 520 |
_a"In 1991, Shaka Senghor was sent to prison for second-degree murder. Today, he is a lecturer at the University of Michigan, a leading voice on criminal justice reform, and an inspiration to thousands. In life, it's not how you start that matters. It's how you finish. Shaka Senghor was raised in a middle class neighborhood on Detroit's east side during the height of the 1980s crack epidemic. An honor roll student and a natural leader, he dreamed of becoming a doctor--but at age 11, his parents' marriage began to unravel and the beatings from his mother worsened, sending him on a downward spiral that saw him run away from home, turn to drug dealing to survive, and end up in prison for murder at the age of 19, fuming with anger and despair. Writing My Wrongs is the story of what came next. During his 19-year incarceration, seven of which were spent in solitary confinement, Senghor discovered literature, meditation, and self-examination, tools that he used to confront the demons of his past, forgive the people who hurt him, and begin atoning for the wrongs he had committed. Upon his release at age 38, Senghor became an activist and mentor to young men and women facing circumstances like his. His work in the community and the courage to share his story led him to fellowships at the MIT Media Lab and the Kellogg Foundation and invitations to speak at events like TED and the Aspen Ideas Festival. Writing My Wrongs is a redemption story told through a stunningly human portrait of what it's like to grow up in the gravitational pull of poverty, violence, fear, and hopelessness. It's an unforgettable tale of forgiveness and hope, one that reminds us that our worst deeds don't define who we are or what we can contribute to the world. And it's a lasting testament to the power of compassion, prayer, and unconditional love, for reaching those whom society has forgotten"-- _cProvided by publisher. |
||
| 520 |
_a"In 1991, Shaka Senghor was sent to prison for second-degree murder. Today, he is a lecturer at the University of Michigan. In life, it's not how you start that matters. It's how you finish. Shaka Senghor was raised in a middle class neighborhood on Detroit's eastside during the height of the 1980s crack epidemic. An honor roll student and a natural leader, he dreamed of becoming a doctor--but at age 11, his parents' marriage began to unravel and the beatings from his mother worsened, sending him on a downward spiral that saw him run away from home, turn to drug dealing to survive, and end up in prison for murder at the age of 19, fuming with anger and despair. Writing My Wrongs is the story of what came next. During his 19-year incarceration, seven of which were spent in solitary confinement, Senghor discovered literature, meditation, and self-examination, tools that he used to confront the demons of his past, forgive the people who hurt him, and begin atoning for the wrongs he had committed. Upon his release at age 38, Senghor became an activist and mentor to young men and women facing circumstances like his. His work in the community and the courage to share his story led him to fellowships at the MIT Media Lab and the Kellogg Foundation and invitations to speak at events like TED and the Aspen Ideas Festival. Writing My Wrongs is a redemption story told through a stunningly human portrait of what it's like to grow up in the gravitational pull of poverty, violence, fear, and hopelessness. It's an unforgettable tale of forgiveness and hope, one that reminds us that our worst deeds don't define who we are or what we can contribute to the world. And it's a lasting testament to the power of compassion, prayer, and unconditional love"-- _cProvided by publisher. |
||
| 600 | 1 | 0 |
_aSenghor, Shaka, _eauthor. |
| 650 | 0 |
_aPrisoners _zMichigan _vBiography. |
|
| 650 | 0 |
_aLecturers _zMichigan _vBiography. |
|
| 650 | 0 |
_aCriminals _zUnited States _xRehabilitation. |
|
| 650 | 0 |
_aCriminal justice, Administration of _zMichigan. |
|
| 650 | 0 |
_aCriminal justice, Administration of _zUnited States. |
|
| 650 | 7 |
_aSOCIAL SCIENCE / Criminology. _2bisacsh |
|
| 650 | 7 |
_aSOCIAL SCIENCE / Penology. _2bisacsh |
|
| 856 | 4 | 2 |
_3Cover image _u9781101907290.jpg |
| 906 |
_a7 _bcbc _corignew _d1 _eecip _f20 _gy-gencatlg |
||
| 942 |
_2ddc _cBK |
||